[Event "GER-ch U25 op-B"]
[Site "Oberhof"]
[Date "2013.05.25"]
[Round "9"]
[White "Reichel, Sara"]
[Black "Uhlmann, Marie"]
[Result "0-1"]
[WhiteElo "683"]
[BlackElo "943"]
[PlyCount "84"]
[EventDate "2013.05.19"]
[EventType "swiss"]
[EventRounds "9"]
[EventCountry "GER"]
[SourceTitle "CBM 154 Extra"]
[Source "ChessBase"]
[SourceDate "2013.06.25"]
[SourceVersion "2"]
[SourceVersionDate "2013.06.25"]
[SourceQuality "1"]

1. e4 c5 2. d4 cxd4 3. c3 Nc6 4. cxd4 Nf6 5. Nc3 g6 6. e5 Ng8 7. Nf3 Bg7 8. Bc4 d6 9. Qe2 Qc7 10. Bf4 Bf5 11. 0-0 e6 12. d5 dxe5 13. Bg3 Bg4 14. Qe4 Nf6 15. Qd3 Bf5 16. Qd2 Nb4 17. Nxe5 Qe7 18. Bb5+ Kf8 19. a3 Nbxd5 20. Nxd5 exd5 21. Rfe1 Qd8 22. Re2 Ne4 23. Qf4 Kg8 24. Bh4 Qd6 25. Rc2 Bxe5 26. Qh6 g5 27. Bxg5 Qxh6 28. Bxh6 Bg7 29. Be3 Nd6 30. Bd3 Bxd3 31. Rc5 d4 32. Bf4 Ne4 33. Rc7 h6 34. h4 Kh7 35. h5 Rhf8 36. Rd7 Rad8 37. Rxd8 Rxd8 38. Rd1 Be2 39. Re1 d3 40. f3 Nf6 41. Bc7 Rd7 42. Bf4 d2 0-1

[Event "Sachsen-ch U12 Girls"]
[Site "Sebnitz"]
[Date "2012.04.14"]
[Round "7"]
[White "Kahle, Leonie"]
[Black "Uhlmann, Marie"]
[Result "1/2-1/2"]
[WhiteElo "991"]
[BlackElo "937"]
[PlyCount "31"]
[EventDate "2012.04.10"]
[EventType "swiss"]
[EventRounds "7"]
[EventCountry "GER"]
[SourceTitle "CBM 148 Extra"]
[Source "ChessBase"]
[SourceDate "2012.06.22"]
[SourceVersion "1"]
[SourceVersionDate "2012.06.22"]
[SourceQuality "1"]

1. e4 c5 2. Nf3 d6 3. d4 cxd4 4. Nxd4 Nf6 5. Nc3 g6 6. f3 Bg7 7. Be3 0-0 8. h4 h5 9. Qd2 Nc6 10. Nxc6 bxc6 11. Bh6 Qb6 12. b3 Qb4 13. Bxg7 Kxg7 14. Na4 Qxd2+ 15. Kxd2 Nd7 16. Be2 1/2-1/2

[Event "Sachsen-ch U12 Girls"]
[Site "Sebnitz"]
[Date "2012.04.11"]
[Round "2"]
[White "Cozma, Patricia"]
[Black "Uhlmann, Marie"]
[Result "1-0"]
[WhiteElo "1037"]
[BlackElo "937"]
[PlyCount "71"]
[EventDate "2012.04.10"]
[EventType "swiss"]
[EventRounds "7"]
[EventCountry "GER"]
[SourceTitle "CBM 148 Extra"]
[Source "ChessBase"]
[SourceDate "2012.06.22"]
[SourceVersion "1"]
[SourceVersionDate "2012.06.22"]
[SourceQuality "1"]

1. e4 c5 2. Nf3 d6 3. c3 Nc6 4. d4 cxd4 5. Nxd4 Nf6 6. f3 g6 7. Bg5 Bg7 8. Bd3 0-0 9. 0-0 Bd7 10. Re1 Rc8 11. Qd2 Ne5 12. Bc2 Qb6 13. f4 Neg4 14. e5 dxe5 15. fxe5 Nd5 16. Bb3 Nxe5 17. Bxd5 Be6 18. Bb3 Bh3 19. Be3 Be6 20. Nxe6 fxe6 21. Bxb6 axb6 22. Bxe6+ Kh8 23. Bxc8 Rxc8 24. Qg5 Nf7 25. Qxe7 Rf8 26. Qxb7 Nd6 27. Qxb6 Re8 28. Rxe8+ Nxe8 29. Qb8 Kg8 30. Qxe8+ Bf8 31. Nd2 h6 32. Rf1 Kh7 33. Qxf8 g5 34. Rf6 h5 35. Qf7+ Kh8 36. Rh6# 1-0

[Event "Sachsen-ch U10 Girls"]
[Site "Sebnitz"]
[Date "2011.04.29"]
[Round "6"]
[White "Von Jan, Lena"]
[Black "Uhlmann, Marie"]
[Result "1-0"]
[WhiteElo "1053"]
[BlackElo "960"]
[PlyCount "121"]
[EventDate "2011.04.26"]
[EventType "swiss"]
[EventRounds "7"]
[EventCountry "GER"]
[SourceTitle "EXT 2012"]
[Source "ChessBase"]
[SourceDate "2011.11.24"]
[SourceVersion "1"]
[SourceVersionDate "2011.11.24"]
[SourceQuality "1"]

1. e4 c6 2. Nc3 d5 3. exd5 cxd5 4. d4 Bf5 5. Nf3 Nf6 6. Be2 Nc6 7. 0-0 e6 8. Be3 Be7 9. h3 0-0 10. Re1 Ne4 11. Bd2 Bb4 12. Qc1 Nxd2 13. Qxd2 Bxc3 14. Qxc3 Qa5 15. Qxa5 Nxa5 16. b4 Nc6 17. c3 Ne7 18. a3 Rac8 19. Rac1 Rc6 20. Ne5 Ra6 21. Bxa6 bxa6 22. Nd7 Rd8 23. Nc5 Rd6 24. Nb3 Ng6 25. Nc5 Nf4 26. Red1 Ne2+ 27. Kh2 Nxc1 28. Rxc1 g6 29. g4 Be4 30. Nxe4 dxe4 31. Re1 f5 32. gxf5 exf5 33. Re3 Rd5 34. f3 a5 35. fxe4 fxe4 36. Rxe4 Rf5 37. Kg3 Rg5+ 38. Rg4 Rf5 39. Rf4 Rg5+ 40. Kf2 Rh5 41. h4 axb4 42. axb4 a5 43. bxa5 Rxa5 44. c4 Ra2+ 45. Ke3 Ra3+ 46. Ke4 Ra4 47. c5 Ra8 48. d5 Re8+ 49. Kd4 Ra8 50. d6 Ra4+ 51. Ke5 Ra5 52. Kd5 Ra8 53. d7 Rd8 54. c6 Kg7 55. Ke6 Kh6 56. c7 Rxd7 57. Kxd7 Kh5 58. c8Q g5 59. Qe8+ Kh6 60. Rf6+ Kg7 61. Qf8# 1-0

[Event "Sachsen-ch U10 Girls"]
[Site "Sebnitz"]
[Date "2011.04.28"]
[Round "4"]
[White "Uhlmann, Marie"]
[Black "Grosse, Marlene"]
[Result "1/2-1/2"]
[WhiteElo "960"]
[BlackElo "1047"]
[PlyCount "40"]
[EventDate "2011.04.26"]
[EventType "swiss"]
[EventRounds "7"]
[EventCountry "GER"]
[SourceTitle "EXT 2012"]
[Source "ChessBase"]
[SourceDate "2011.11.24"]
[SourceVersion "1"]
[SourceVersionDate "2011.11.24"]
[SourceQuality "1"]

1. e4 c5 2. Nf3 d6 3. Nc3 Nf6 4. Bc4 g6 5. d3 Bg7 6. Bg5 0-0 7. 0-0 Nc6 8. Bxf6 Bxf6 9. Nd5 Bxb2 10. Rb1 Bg7 11. Nc3 Bxc3 12. Ng5 Bg7 13. Qf3 Ne5 14. Qf4 Nxc4 15. dxc4 e5 16. Qh4 h6 17. Qg3 hxg5 18. Rfd1 Qa5 19. Rb2 Rd8 20. Qxg5 b6 1/2-1/2